Technique in chess.

Bibliographic Details
Main Author: Abrahams, Gerald, 1907-
Format: Book
Language:English
Published: New York : Dover Publications, [1973]
Subjects:

MARC

Tag First Indicator Second Indicator Subfields
LEADER 00000cam a2200000 4500
001 in00000011484
005 20151007052056.0
008 730829s1973 nyua 00100 eng
010 |a  73077379  
020 |a 048622953X 
035 |a (OCoLC)00703340 
035 |9 AAA6170AM 
040 |a DLC  |c DLC  |d m.c.  |d TXA  |d UtOrBLW 
049 |a TXAM  |c [A10760706] 
050 0 0 |a GV1445  |b .A18 1973 
082 0 |a 794.1/2 
100 1 |a Abrahams, Gerald,  |d 1907- 
245 1 0 |a Technique in chess. 
264 1 |a New York :  |b Dover Publications,  |c [1973] 
300 |a 215 pages :  |b illustrations ;  |c 22 cm. 
336 |a text  |b txt  |2 rdacontent 
337 |a unmediated  |b n  |2 rdamedia 
338 |a volume  |b nc  |2 rdacarrier 
650 0 |a Chess. 
948 |a 1533931 WW 7/87 
999 |a MARS 
999 f f |s b803414d-4521-3515-ab06-4b0aaf00c8e6  |i 5bb87346-2718-34e3-8d41-a34ffbfa7463  |t 0 
952 f f |p normal  |a Texas A&M University  |b College Station  |c Sterling C. Evans Library  |d Evans: Library Stacks  |t 0  |e GV1445 .A18 1973  |h Library of Congress classification  |i unmediated -- volume  |m A14810760706 
998 f f |a GV1445 .A18 1973  |t 0  |l Evans: Library Stacks